[Event "Baden"]
[Site "Vienna"]
[Date "1980.??.??"]
[Round "13"]
[White "Gheorghiu, Florin"]
[Black "Stean, Michael"]
[Result "1/2-1/2"]
[WhiteElo "2605"]
[BlackElo "2530"]

1.d4 e6 2.Nf3 c5 3.c4 cxd4 4.Nxd4 Nf6 5.g3 d5 6.Bg2 e5 7.Nf3 d4 8.O-O Nc6
9.e3 Be7 10.exd4 exd4 11.Bf4 O-O 12.Ne5 Qb6 13.Qb3 Na5  1/2-1/2

[Event "Baden"]
[Site "Vienna"]
[Date "1980.??.??"]
[Round "13"]
[White "Spassky, Boris V"]
[Black "Vaganian, Rafael A"]
[Result "1/2-1/2"]
[WhiteElo "2615"]
[BlackElo "2590"]

1.e4 e6 2.d4 d5 3.Nc3 Bb4 4.e5 Ne7 5.a3 Bxc3+ 6.bxc3 b6 7.Nh3 Ng6 8.a4 Ba6
9.Bxa6 Nxa6 10.Nf4 Nxf4 11.Bxf4 Nb8 12.Qg4 Rg8 13.h4 Nc6 14.h5 Na5 15.Rh3 Kd7
16.Kf1  1/2-1/2

[Event "Baden"]
[Site "Vienna"]
[Date "1980.??.??"]
[Round "13"]
[White "Smejkal, Jan"]
[Black "Beliavsky, Alexander G"]
[Result "1/2-1/2"]
[WhiteElo "2565"]
[BlackElo "2590"]

1.c4 e6 2.Nf3 d5 3.d4 Nf6 4.Nc3 Be7 5.Bg5 h6 6.Bh4 O-O 7.e3 b6 8.Qb3 Bb7
9.Bxf6 Bxf6 10.cxd5 exd5 11.Rd1 Re8 12.Bd3 c5 13.dxc5 Nd7 14.c6 Bxc6 15.O-O Nc5
16.Qa3 a5 17.Be2 Bb7 18.Nd4 Qd6 19.Na4 g6 20.Bf3 Rad8 21.Nxc5 Qxc5 22.Qd3 Rc8
23.Rd2 Bxd4 24.Qxd4 Qxd4 25.Rxd4 Rc2 26.Rb1 Rec8 27.Kf1 Rc1+ 28.Rd1 Rxd1+
29.Rxd1 Rc2 30.Rb1 Ba6+ 31.Ke1 Bd3 32.Rd1 Be4 33.Bxe4  1/2-1/2

[Event "Baden"]
[Site "Vienna"]
[Date "1980.??.??"]
[Round "14"]
[White "Liberzon, Vladimir M"]
[Black "Byrne, Robert E"]
[Result "1/2-1/2"]
[WhiteElo "2545"]
[BlackElo "2530"]

1.e4 c5 2.Nf3 d6 3.g3 Nf6 4.d3 Nc6 5.Bg2 g6 6.O-O Bg7 7.Nbd2 O-O 8.a4 e5
9.c3 h6 10.Rb1 Be6 11.b4 cxb4  1/2-1/2

[Event "Baden"]
[Site "Vienna"]
[Date "1980.??.??"]
[Round "15"]
[White "Gheorghiu, Florin"]
[Black "Beliavsky, Alexander G"]
[Result "0-1"]
[WhiteElo "2605"]
[BlackElo "2590"]

1.d4 d5 2.c4 e6 3.Nc3 Be7 4.Nf3 Nf6 5.Bg5 h6 6.Bh4 O-O 7.e3 b6 8.Bd3 Bb7
9.O-O Nbd7 10.Qe2 c5 11.Rfd1 cxd4 12.exd4 a6 13.a4 Nh5 14.Bg3 Nxg3 15.hxg3 Nf6
16.Ne5 dxc4 17.Nxc4 b5 18.axb5 axb5 19.Nxb5 Rxa1 20.Rxa1 Bc6 21.Ne5 Bxb5
22.Bxb5 Qxd4 23.Nc6 Qd6 24.Rd1 Qc7 25.Nxe7+ Qxe7 26.Bc4 h5 27.Qd2 Rb8 28.b3 Ng4
29.Qd4 Qa3 30.Be2 Nf6 31.Bc4 Ra8 32.f3 Qa5 33.Qe3 g6 34.Qd2 Qc7 35.Qd6 Qb7
36.Kh2 Kg7 37.Qe5 Ra2 38.Kh3 Qa7 39.Qd4 Qc7 40.Rd2 Ra7 41.Re2 Qa5 42.Kh2 Rd7
43.Qe5 Qd8 44.Re4 Kg8 45.Re2 Kh7 46.Ra2 Ng8 47.Qe3 Nh6 48.Ra7 Rxa7 49.Qxa7 Qd6
50.Qe3 Nf5 51.Qf4 Qb6 52.Qd2 Qc5 53.Qd7 Kg8 54.Qd8+ Kg7 55.Qd2 Qe5 56.Qf4 Qc3
57.Qe4 Qd2 58.Qe5+ Kf8 59.Qb8+ Ke7 60.Qc7+ Kf6 61.Qf4 Qf2 62.g4 g5 63.Qe4 Qg3+
64.Kg1 hxg4 65.fxg4 Ne3 66.Qd4+ Qe5 67.Qxe5+ Kxe5 68.Be2 Kd4 69.Kf2 Nd5 70.Kf3 Nb4
71.Bb5 Nd3 72.Be8 Ne5+ 73.Ke2 Kc3 74.Ke3 Nxg4+ 75.Kf3 f5 76.Ke2 Nf6 77.Bg6 f4
78.g3 e5 79.gxf4 gxf4 80.Bf7 e4 81.Bg6 f3+ 82.Kf2 Ng4+ 83.Ke1 Kd3 84.Be8 f2+
85.Kf1 e3 86.Bb5+ Kd2 87.b4 Nh2+ 88.Kg2 e2  0-1

[Event "Baden"]
[Site "Vienna"]
[Date "1980.??.??"]
[Round "15"]
[White "Byrne, Robert E"]
[Black "Janetschek, Karl"]
[Result "1-0"]
[WhiteElo "2530"]
[BlackElo "2325"]

1.e4 e5 2.Nf3 Nc6 3.Bb5 a6 4.Ba4 Nf6 5.O-O Be7 6.Re1 b5 7.Bb3 d6 8.c3 O-O
9.h3 Nd7 10.d4 Nb6 11.Nbd2 exd4 12.cxd4 d5 13.Bc2 Be6 14.e5 Qd7 15.Nf1 Nb4
16.Bb1 Bf5 17.Bg5 Bxg5 18.Nxg5 Nc4 19.Ng3 Bxb1 20.Qxb1 f5 21.exf6 gxf6 22.Ne6 Rfe8
23.Qf5 Nd6 24.Qxf6 Ne4 25.Rxe4 dxe4 26.Nf5  1-0

[Event "Baden"]
[Site "Vienna"]
[Date "1980.??.??"]
[Round "15"]
[White "Smejkal, Jan"]
[Black "Hoelzl, Franz"]
[Result "1-0"]
[WhiteElo "2565"]
[BlackElo "2415"]

1.c4 g6 2.Nf3 Bg7 3.d4 Nf6 4.g3 O-O 5.Bg2 c5 6.Nc3 Nc6 7.O-O d6 8.d5 Na5
9.Nd2 e5 10.e4 Ng4 11.b3 f5 12.exf5 gxf5 13.h3 e4 14.hxg4 Bxc3 15.Rb1 Bd4
16.gxf5 Bxf5 17.Nxe4 Qe7 18.Bg5 Qg7 19.Qd2 Qg6 20.Rbe1 b6 21.Bf4 Nb7 22.Ng5 Qf6
23.Qd1 a5 24.a4 Rae8 25.Ne6 Nd8 26.Nxf8 Rxf8 27.Be4 Nf7 28.Qh5 Bxe4 29.Rxe4 Ne5
30.Bxe5 dxe5 31.Kg2 Kh8 32.f3 Rg8 33.Rh1 Qe7 34.Qf5 Rg7 35.Rg4 Rf7 36.Rxh7+  1-0